00330nam a2200121Ia 4500008004100000041000800041082001200049100002100061245004500082260003900127300003100166365001100197240624s9999 xx 000 0 und d aeng a658 GOP aGOPALAKRISHNAN R aCASE OF THE BONSAI MANAGER LESSONS FOR M c2009aNew DelhibPortfolio Penguin axxx, : 338 : p. : cm. ; 23 cRSb25